=LDR 00000nam 2200000 4500 =001 INLIS000000000029014 =005 20130612131259 =008 ***********************************Ind** =035 ##$$0010-061300000029014 =041 ##$$a Ind =082 ##$$a 510 =090 ##$$a 510, Sur o =100 ##$$a Suryani, Martina Dwi =245 ##$$a Smart matematika SMP, seni menjawab akurat dan cepat, Martina Dwi Suryani =260 ##$$a 2006 $b Jakarta =300 ##$$a iv, 158 hlm, 23 cm =650 ##$$a Matematika SMP =850 ##$$a NBPNMAT